00000000nam##2200000za#4500
0019.617521
003CaOODSP
00520210615102232
007ta
008150406|2005||||xxc|||||     f|0| 0 eng|d
022 |a0706-6457
040 |aCaOODSP|beng
043 |an-cn---
0861 |aFs97-6/2596E
1101 |aCanada. |bDepartment of Fisheries and Oceans.
24510|aAtlantic salmon and brook trout population and habitat characteristics of Northeast Brook, Trepassey, Newfoundland and Labrador, 1984-96 / |cby S.C. Mitchell ... [et al.]
260 |aSt. John's - Newfoundland and Labrador : |bFisheries and Oceans Canada |c2005.
300 |aix, 73p. : |bfigs., references, tables ; |c28 cm.
4901 |aCanadian technical report of fisheries and aquatic sciences|x0706-6457|vNo. 2596
500 |aOn cover: Science Branch, Fisheries and Oceans Canada, P.O. Box 5667, St. John's NL Canada A1C 5X1
5203 |aThis report is part of a series containing scientific and technical information that widens existing scientific knowledge but is not considered appropriate for publication in the primary literature. The research covers such subjects as ecosystem models, methods for enhancing aquaculture, commercial fishing equipment, and environmental threats to aquatic quality and fisheries resources. Includes tables, graphs, and charts.
546 |a(Résumé en français.)
563 |aSoftcover
590 |a05-36|b2005-09-09
7201 |aMitchell, S.C.
7760#|tAtlantic salmon and brook trout population and habitat characteristics of Northeast Brook, Trepassey, Newfoundland and Labrador, 1984-96 / |w(CaOODSP)9.574184
830#0|aCanadian technical report of fisheries and aquatic sciences,|x0706-6457|vNo. 2596|w(CaOODSP)9.514691